[Event "Geneva FIDE GP"]
[Site "Geneva"]
[Date "2017.07.14"]
[Round "8"]
[White "Li, Chao B"]
[Black "Harikrishna, Pentala"]
[Result "1-0"]
[WhiteElo "2735"]
[BlackElo "2737"]
[Annotator "Krasenkow,M"]
[PlyCount "119"]
[EventDate "2017.07.06"]
[EventType "swiss"]
[EventRounds "9"]
[EventCountry "SUI"]
[SourceTitle "CBM 180"]
[Source "ChessBase"]
[SourceDate "2017.09.13"]
[SourceVersion "1"]
[SourceVersionDate "2017.09.13"]
[SourceQuality "1"]

1. d4 Nf6 2. c4 e6 3. Nf3 d5 4. Bg5 Bb4+ 5. Nc3 h6 6. Bxf6 Qxf6 7. e3 O-O 8.
Qb3 c5 9. cxd5 exd5 10. dxc5 Bxc3+ 11. Qxc3 Qxc3+ 12. bxc3 Nd7 13. Rd1 Nxc5 14.
Rxd5 b6 15. Rd4 {This old and well-known line has been examined in several CBM
issues, most recently in CBM 133, annotations to L'Ami - Cornette (EU-chT 2009)
.} Ne6 $6 $146 {This new continuation is hardly an improvement. I guess
Penteala Harikrishna simply forgot the theoretical recommendations.} (15... Be6
{is a better way for Black to obtain sufficient compensation for the missing
pawn, e.g.} 16. c4 (16. Bc4 Rac8 17. Kd2 Bxc4 18. Rxc4 Rfe8 19. Kc2 Ne4 $15 {
0-1 (35) Mista,A (2561)-Najer,E (2637) Czechia 2011}) 16... Rac8 17. Be2 (17.
g4 Rfd8 18. Rg1 Nb7 19. g5 Rxd4 20. Nxd4 Bxc4 21. gxh6 g6 $11 {1/2 (38) L'Ami,
E (2592)-Grandelius,N (2536) Germany 2012}) 17... Rc7 18. Kd2 Rfc8 19. Rb1 Nb7
20. Kc3 Na5 21. Nd2 Nc6 22. Rd6 Kf8 23. Rb5 Ke7 24. Rd3 Na5 $44 {[%csl Rc4] 1/
2 (31) Voloshin,L (2426)-Gerzhoy,L (2257) Pardubice 2001}) (15... Bb7 {is
possible, too:} 16. Bc4 Rac8 17. O-O Ne6 (17... Rfe8 $6 18. Nd2 Re7 19. Rc1 $14
{1-0 (62) L'Ami,E (2606)-Cornette,M (2577) Novi Sad 2009 CBM 133 [L'Ami,E]}) (
17... Bxf3 $5 18. gxf3 Ne6 19. Rg4 Rfd8 20. Rc1 Rd2 21. Kg2 Kf8 $44 {E.L'Ami})
18. Bxe6 fxe6 19. Ne5 Rc5 $5 20. Nd7 Rg5 21. Nxf8 (21. e4 Rc8 $44) 21... Rxg2+
22. Kh1 Rxf2+ $11 {E.L'Ami}) 16. Rd6 Bb7 17. Nd4 Nxd4 18. Rxd4 Rac8 19. Kd2 $14
{White keeps an extra pawn, difficult to convert but easy to torture his
opponent with for the whole game.} Rc5 20. Rg1 Rfc8 21. Bd3 Kf8 (21... Rxc3 $2
22. Bf5) 22. Rd7 Bd5 $6 (22... Bc6 $1 23. Rxa7 $140 Rd8 24. Kc2 Rcd5 25. Bc4
Rd2+ $132) 23. Rxa7 Rxc3 $16 {A big success for White - he has traded his weak
c3-pawn for Black's healthy a7-pawn.} 24. e4 Be6 25. Rb1 R3c7 $6 {It was
better for Black to keep both rooks for possible counterplay:} (25... R3c6) 26.
Rxc7 Rxc7 {[%mdl 4096]} 27. a4 Bd7 28. Bc2 Rc6 29. f4 Ke7 30. Rb4 h5 31. g3 Kd8
32. Bb3 f6 33. h4 Kc7 34. Kd3 f5 $6 {Desperation. This gives White a protected
passed pawn but it was equally hopeless just to watch him gradually improving
his position.} 35. e5 Rg6 36. Kd4 (36. Bf7 $1 {was more technically correct:}
Rxg3+ 37. Kd2 Rg2+ 38. Ke3 Bc8 39. e6 {[%cal Re6e7]} Ba6 40. Bxh5 {etc.}) 36...
Rxg3 37. e6 Be8 38. Ke5 {[%csl Ge5]} Rc3 39. Kxf5 Rc5+ 40. Ke4 Bc6+ 41. Kd3 Rc1
42. Bc2 g6 $6 {This loses instantly but White should gradually win after} (
42... Rh1 43. f5 {, too.}) 43. Kd2 $1 Rg1 44. e7 Be8 45. Re4 $18 {[%cal Rc2d3,
Rd3b5] Slightly surprisingly, Black has no defence.} Rg2+ 46. Kc3 Rg3+ 47. Bd3
Kd6 48. Kd4 {[%cal Rd3b5]} Bxa4 49. e8=Q Bxe8 50. Rxe8 Rg4 51. Ke3 Rg3+ 52. Ke2
Kd5 53. Rg8 Rg4 54. Kf3 Rxh4 55. Be4+ Kd4 56. Rd8+ Kc3 57. Bxg6 Rh1 58. f5 Rf1+
59. Ke2 Rf4 60. Rd3+ 1-0

[Event "Dortmund SuperGM 36th"]
[Site "Dortmund"]
[Date "2008.07.06"]
[Round "7"]
[White "Van Wely, Loek"]
[Black "Mamedyarov, Shakhriyar"]
[Result "0-1"]
[WhiteElo "2677"]
[BlackElo "2752"]
[Annotator "Krasenkow,M"]
[PlyCount "78"]
[EventDate "2008.06.28"]
[EventType "tourn"]
[EventRounds "7"]
[EventCountry "GER"]
[EventCategory "18"]
[SourceTitle "CBM 125"]
[Source "ChessBase"]
[SourceDate "2008.07.30"]
[SourceVersion "1"]
[SourceVersionDate "2008.07.30"]
[SourceQuality "1"]

1. Nf3 Nf6 2. c4 e6 3. Nc3 d5 4. d4 Bb4 5. cxd5 exd5 6. Bg5 Nbd7 7. Qc2 h6 8.
Bh4 O-O 9. e3 c5 10. Bd3 c4 11. Bf5 Nb6 12. g4 $146 {An unsuccessful attempt
to change the evaluation of this position, satisfactory for Black. Practice
has seen:} (12. O-O Bxc3 (12... Be7 13. Rfe1 Bxf5 14. Qxf5 Qc8 15. Qc2 Re8 16.
Rac1 Qe6 17. Bxf6 Bxf6 18. e4 dxe4 19. Rxe4 Qc6 20. Rce1 Rad8 $11 {1/2-1/2
Harika,D-Lahno,K/Mallorca 2004/CBM 102 ext (27)}) (12... Bxf5 $5 13. Qxf5 Qd7
14. Qc2 Qe6 15. Bxf6 Qxf6 16. e4 dxe4 17. Nxe4 Qf5 18. Rac1 Rac8 19. a3 Be7 20.
Rfe1 Rfd8 21. Qe2 Bf8 22. Ned2 Qd3 23. Kf1 Qxe2+ 24. Kxe2 Re8+ 25. Kd1 Rxe1+
26. Kxe1 Na4 $15 {1/2-1/2 Tregubov,P-Eljanov,P/Sochi 2007/CBM 118 (66)}) 13.
bxc3 Bxf5 (13... Qd6 14. Bxf6 Qxf6 15. Bxc8 Raxc8 16. a4 Nd7 17. e4 dxe4 18.
Qxe4 b6 19. Qb7 Qc6 20. Qxc6 Rxc6 21. Rfe1 Nf6 22. Re5 Rd8 23. Nd2 Nd5 24. Rc1
a6 $11 {1-0 Krivoshey,S-Essing,A/playchess.com INT 2004/EXT 2005 (66)}) 14.
Qxf5 Qd7 15. Qc2 (15. Qxd7 Nbxd7 16. Nd2 Rfe8 17. Rfb1 b6 18. a4 g5 19. Bg3 a6
20. Kf1 Re6 21. Rb2 Nh5 22. Rab1 Nxg3+ 23. hxg3 Rc8 24. g4 Rb8 25. Ke2 Nf6 26.
f3 Kg7 27. Kf2 Kg6 {1/2-1/2 Komljenovic,D-Wirthensohn,H/Zuerich 1989/EXT 1997})
15... Ne4 16. a4 f6 17. a5 (17. Ne1 Rfe8 18. f3 Nd6 19. Bf2 Qe6 20. g4 Rad8 21.
Ng2 Qf7 22. Rae1 g5 23. Bg3 Nbc8 24. Re2 Qh7 25. Ne1 a5 26. Qxh7+ Kxh7 27. Kf2
b5 $132 {1/2-1/2 Laveryd,P-Lukez,F/Sweden 1996/EXT 1998 (67)}) 17... Nc8 18.
Ne1 Re8 19. f3 Ned6 20. Bf2 Ne7 21. Qb2 Nc6 22. Nc2 Re7 23. Bg3 Nf5 24. Rfe1
Rae8 25. Bf2 Nd6 26. Bg3 Nf5 27. Bf2 Nd6 $11 {1/2-1/2 Zubov,A-Eljanov,P/
Poltava 2006/CBM 116 (98)}) (12. Bxc8 Rxc8 13. O-O (13. Bxf6 Qxf6 14. Ne5 Bd6
15. f4 Qe6 16. O-O f6 17. f5 Qe7 18. Ng6 Qxe3+ 19. Kh1 Rfe8 20. Rad1 Bb4 {
1/2-1/2 Sandipan,C-Motwani,P/Catalan Bay 2004/CBM 098 ext}) 13... Be7 (13...
Re8 14. Ne5 Bxc3 15. bxc3 Qd6 16. Rfb1 Nfd7 17. Nxd7 Qxd7 18. a4 Rc6 19. Rb5
Nc8 20. Qd1 a6 21. Rb2 Ree6 22. Qg4 Rb6 $11 {1/2-1/2 Kelly,B-Schandorff,L/
Gothenburg 2005/CBM 109 (27)}) 14. Rad1 Nh5 15. Qf5 g6 16. Bxe7 Qxe7 17. Qh3
Kg7 18. Ne5 Nf6 19. f3 Qb4 20. Rd2 Na4 21. Rc2 Nxc3 22. bxc3 Qa4 23. Rb2 Rc7
24. Qg3 Qa3 25. Rfb1 Re7 26. Qe1 b6 27. Re2 Qd6 28. e4 Rfe8 29. Nxc4 dxc4 30.
e5 Qc6 31. exf6+ Qxf6 $11 {1/2-1/2 Pelletier,Y-Wirthensohn,H/Zuerich 1993/EXT
1997 (46)}) 12... g5 13. Bg3 (13. Nxg5 $6 hxg5 14. Bxg5 Qd6) 13... Bxf5 14.
gxf5 (14. Qxf5 $143 Ne4) 14... Ne4 15. Nd2 Qe7 (15... Re8 $5 {looks even
stronger.}) 16. Ke2 Nxd2 17. Kxd2 Qe4 $5 18. h4 g4 19. Qxe4 dxe4 20. h5 $1 {
[%csl Rg4] White should not allow 20...h5, after which Black's light-square
blockade will be very strong. After the text move White obtains counterplay
against the g4 pawn. Generally, the position, although extremely complicated,
can be evaluated as dynamically equal.} Kh7 21. Rh4 Rg8 22. Rg1 Nd5 $1 {
[%csl Gd5]} 23. Be5 f6 24. Bh2 (24. Bd6 $5 Bxc3+ 25. bxc3 Rad8 26. Bh2 Rc8 {
[%cal Yc8c6,Yc6a6]} 27. Rb1 Rg7 28. Rb5 $132) 24... Rac8 25. Rhxg4 Rxg4 26.
Rxg4 {[%mdl 4096]} Rc6 27. Rxe4 Ra6 {[%cal Ra6a2]} 28. a3 Bxc3+ 29. bxc3 Rxa3
30. Re6 b5 (30... Ra2+ 31. Ke1 b5 32. Bd6 $5 (32. e4 {-game})) 31. e4 (31. Ke2
$5 Nxc3+ 32. Kf3 b4 (32... Nd5 33. Rd6) (32... Kg7 33. Bd6) 33. Rxf6 b3 34. Be5
Kg8 $1 35. Rg6+ Kf7 36. Rg7+ Ke8 37. Rb7 $13) 31... Ra2+ 32. Ke1 Nxc3 33. e5 $6
{Not sensing any danger, White doesn't take the draw after} (33. Bd6 $11 {
[%cal Ye6e7]}) 33... Ra1+ 34. Kd2 Nd5 $1 {[%csl Gb5,Gc4]} 35. exf6 (35. Rd6 $5)
35... c3+ 36. Kd3 $2 {Extremely accurate play was already required:} (36. Kc2
$1 Ra2+ 37. Kd3 $1 Kg8 (37... Rd2+ 38. Ke4 c2 39. Rc6) 38. Rd6 Rd2+ 39. Ke4 c2
40. Rc6 Rxf2 41. Be5 $5 (41. Bg3 Nxf6+ $1 42. Ke5 $1 Ng4+ 43. Ke4 Rd2 44. Bf4
$132) 41... Nb6 42. Bg3 Nc4 43. Rc8+ $11) 36... Rd1+ $6 (36... Kg8 $142 $1 {
e.g.} 37. Re8+ Kf7 38. Rc8 Rd1+ 39. Ke4 Nxf6+ 40. Kf3 b4 41. Be5 Nd5 42. Ke4
Ne7 $19) 37. Ke2 $4 {It was still possible to save the game in a study-like
way:} (37. Ke4 $3 c2 38. Kxd5 c1=Q 39. Re7+ Kg8 40. Rg7+ $1 Kh8 41. Rc7 $1 Qa3
(41... Qxc7 $4 42. Bxc7 Kg8 43. Ke6 Rxd4 44. f7+ Kf8 45. f3 Rd1 46. Bf4 $18) (
41... Rxd4+ 42. Kxd4 $132 {[%csl Gf6]}) 42. Rc8+ Kh7 43. Rc7+ $11 Kg8 $2 44.
f7+ Kf8 45. Bd6+ $16) 37... c2 $19 38. f7 Kg7 39. Rxh6 Kxf7 0-1

[Event "Geneve op"]
[Site "Geneve"]
[Date "1994.??.??"]
[Round "8"]
[White "Gheorghiu, Florin"]
[Black "Krasenkow, Michal"]
[Result "0-1"]
[WhiteElo "2465"]
[BlackElo "2565"]
[Annotator "Krasenkow,M"]
[PlyCount "84"]
[EventDate "1994.01.??"]
[EventType "swiss"]
[EventRounds "9"]
[EventCountry "SUI"]
[SourceTitle "CBM 041"]
[Source "ChessBase"]
[SourceDate "1994.08.01"]
[SourceVersion "1"]
[SourceVersionDate "1994.08.01"]
[SourceQuality "1"]

1. Nf3 d5 2. c4 e6 3. d4 Nf6 4. Nc3 Nbd7 5. cxd5 exd5 6. Bg5 Bb4 7. Rc1 c6 8.
a3 Bd6 $1 {N;8...Bxc3-Inf.53/397} 9. g3 (9. e3 O-O 10. Bd3 Re8 {/\Nf8}) 9...
O-O 10. Bg2 h6 11. Bxf6 Nxf6 12. O-O Re8 $10 13. e3 Bf5 14. Re1 Qd7 15. Nd2 Re7
16. Na4 h5 $5 (16... Rae8 $142 17. Nc5 $140 Qc8) 17. Nc5 Qc7 18. Nf3 Bg4 $5 19.
h3 Bf5 {><g3} 20. Nh4 $5 Bh7 21. Qf3 {/\22.Nf5} Qc8 22. Qd1 Be4 $5 23. Nd3 Bxd3
24. Qxd3 Ne4 25. Qe2 g6 26. Nf3 Qe6 27. Nd2 f5 28. Nf1 $2 (28. h4) 28... h4 $17
{->} 29. g4 (29. gxh4 Rh7 $17) 29... Rf8 30. f3 Ng3 31. Qd3 fxg4 32. fxg4 $6 {
(+)} (32. hxg4 $142 h3 33. Bxh3 Rxf3 $17) 32... Nxf1 33. Bxf1 Rf3 34. Rc3 Bc7
$1 35. Bg2 (35. Qe2 Qd6 $1) 35... Qd6 $1 $19 36. Bxf3 Qg3+ 37. Bg2 (37. Kf1
Qxf3+ 38. Kg1 Bh2+ $1 39. Kxh2 Qg3+ 40. Kh1 Qxe1+ 41. Kg2 Qg3+ 42. Kh1 Qxh3+
43. Kg1 Qxg4+ $19) 37... Qxe1+ 38. Qf1 Qg3 39. e4 Qh2+ 40. Kf2 dxe4 (40... Rxe4
$5) 41. Ke2 Bb6 $1 42. Kd1 $6 Rf7 0-1

[Event "EU-ch 11th"]
[Site "Rijeka"]
[Date "2010.03.09"]
[Round "4"]
[White "Kurnosov, Igor"]
[Black "Aleksandrov, Aleksej"]
[Result "1/2-1/2"]
[WhiteElo "2674"]
[BlackElo "2601"]
[Annotator "Krasenkow,M"]
[PlyCount "75"]
[EventDate "2010.03.06"]
[EventType "swiss"]
[EventRounds "11"]
[EventCountry "CRO"]
[SourceTitle "CBM 136"]
[Source "ChessBase"]
[SourceDate "2010.05.18"]
[SourceVersion "1"]
[SourceVersionDate "2010.05.18"]
[SourceQuality "1"]

1. d4 d5 2. c4 e6 3. Nc3 Nf6 4. Nf3 Bb4 5. Qb3 {A relatively modern
continuation. White immediately provokes the isolation of Black's central pawn.
But the current game transposes into a well-known line of the 5.cxd5 exd5 6.
Bg5 system:} (5. cxd5 exd5 6. Bg5 h6 7. Bxf6 Qxf6 8. Qb3 c5 9. dxc5 Nc6 10. e3)
5... c5 6. cxd5 exd5 7. dxc5 Nc6 8. Bg5 h6 9. Bxf6 Qxf6 10. e3 O-O (10... d4 $6
11. Nxd4 (11. Bb5 Bxc3+ 12. bxc3 dxe3 13. fxe3 Qe7 14. Bxc6+ bxc6 15. O-O {
1/2 Gorelov,S (2430)-Janjgava,L (2410)/Pavlodar 1987/EXT 1997}) (11. exd4 $5)
11... Nxd4 12. exd4 Qxd4 (12... Bxc3+ 13. Qxc3 O-O 14. f3 $16 {[%cal Ye1f2]})
13. Bc4 (13. Bb5+ $5) 13... Qe4+ 14. Kf1 Bxc3 15. Bxf7+ Kf8 16. Bd5 Qd3+ 17.
Kg1 Qd4 18. bxc3 Qxc5 19. Rd1 $18 {1/2 Niklasson,C (2413)-Sjodahl,P (2435)/
Sweden 2004/EXT 2006 (44)}) (10... Bxc3+ $6 11. Qxc3 Qxc3+ 12. bxc3 Be6 13. Rb1
Nd8 14. Bb5+ Ke7 15. Nd4 Rc8 16. Nb3 $16 {1-0 Muschalek,I-Collin,T (2295)/ICCF
2002/ICCF Telechess CBM 112 (31)}) (10... Be6 $5 11. Bb5 Bxc5 12. O-O (12. Nxd5
Bxd5 13. Qxd5 Bb4+ 14. Kf1 O-O 15. Qb3 Ba5 16. Rc1 Ne5 17. Ke2 Nxf3 18. gxf3
Rad8 $44 {1/2 Varga,Z (2450)-Barkhagen,J (2410)/Budapest 1993/EXT 1997 (69)}) (
12. Rd1 $5 O-O 13. Nxd5) 12... O-O (12... Rd8 13. Qa4 $1 $14 (13. e4 $143 dxe4
14. Nxe4 Bxb3 15. Nxf6+ gxf6 16. axb3 O-O 17. Rac1 Bb6 18. Rfe1 Nd4 {1/2
Serrer,C (2310)-Tompa,J (2415)/Budapest 1987/TD})) 13. Rac1 (13. Qa4 $6 Rac8
14. Rac1 Bd6 15. Ne2 Qxb2 16. Rc2 Qf6 17. Rfc1 Ne5 $17 {1/2 San Segundo
Carrillo,P (2440)-Rodriguez Vargas,O (2445)/Spain 1993/TD (42)}) 13... Na5 14.
Qd1 Rad8 15. Ne2 Bb6 16. Ned4 Bg4 $132 {1-0 Rizzo,G (2108)-Izsak,G (2444)/
Porto San Giorgio 2009/CBM 131 Extra (40)}) 11. Bb5 (11. a3 Ba5 12. Be2 d4 13.
exd4 Re8 $5 (13... Nxd4 14. Nxd4 Qxd4 15. O-O Qxc5 $11) 14. Qd1 Bg4 15. O-O
Rad8 16. b4 {1-0 Balcerowski,W-Tolush,A/Polanica Zdroj 1964/MCD (52)} Bc7 $1
$36) (11. O-O-O $5 Bxc3 12. Qxc3 Qxc3+ 13. bxc3 Be6 14. Nd4 Rac8 15. Bb5 Nd8
16. Nb3 $14 {1/2 Alfonso Nogue,B-Garcia Vicente,N (2245)/Empuriabrava 1997/EXT
2002}) 11... Bxc3+ {A simple course. After the exchange of queens Black hopes
to recapture White's c5 pawn.} (11... Bh3 12. Bxc6 bxc6 13. Nd4 Bxg2 14. Rg1
Bxc3+ 15. Qxc3 Be4 16. Nxc6 Qxc3+ 17. bxc3 Rfe8 18. Nd4 $16 {1-0 Nestorovic,D 
(2428)-Lopez Martinez,J (2474)/Belgrade 2001/EXT 2002 (39)}) (11... d4 $5 12.
Bxc6 dxc3 13. Qxb4 cxb2 14. Rb1 bxc6 15. Qxb2 Qg6 (15... Qf5 16. O-O Qxc5 17.
Rfc1 Qd5 18. Nd4 (18. Qa3 $14) (18. Rd1 $5) 18... c5 19. Qb5 (19. Qb3 $14)
19... Bh3 20. gxh3 Qg5+ 21. Kf1 cxd4 22. Qxg5 hxg5 23. exd4 Rad8 $14 {1/2
Doroshkievich,V-Zilberstein,V/Soviet Union 1972/EXT 2010 (48)}) 16. O-O Bh3 17.
Nh4 Qh5 (17... Qg5 18. Qb4 Rab8 19. Qf4 Qxf4 20. exf4 Be6 $132 {1/2 Jusiak,G 
(2225)-Rotstein,A (2420)/Naleczow 1989/EXT 1997 (56)}) 18. Qb4 Be6 19. Nf3 Bxa2
20. Ra1 a5 21. Qa4 Be6 22. Nd4 Bd5 23. f3 f5 $132 {1/2 Beliavsky,A (2585)-Tal,
M (2605)/Moscow 1987/CBM 004 (30)}) 12. Qxc3 Qxc3+ 13. bxc3 Na5 (13... Ne7 14.
Nd4 Be6 15. Rb1 Rfd8 16. Ba4 Rab8 17. Kd2 Rdc8 $6 18. Nxe6 fxe6 19. Bd7 Rxc5
20. Bxe6+ $16 {1-0 Suba,M (2430)-Inkiov,V (2450)/Pernik 1978/EXT 2004 (35)})
14. Nd4 Be6 (14... a6 15. Be2 (15. Ba4 $143 Rd8 {1/2 Bisguier,A-Ivkov,B/Buenos
Aires 1955/MCD} 16. Rb1 Bd7) 15... Be6 16. Nb3 Nc6 17. O-O-O Rfc8 (17... a5 18.
a4 Rac8 19. Bb5 Na7 20. Be2 Nc6 21. Kb2 Ne5 22. Bb5 Nc4+ 23. Ka2 Rc7 24. Rhe1
$16 {1-0 Mamedyarov,S (2741)-Can,E (2442)/Bursa TUR 2010/The Week in Chess 792
(45)}) 18. Bf3 Ne7 19. Rd4 $6 (19. Kb2 $14) 19... a5 20. a4 Rab8 21. Kc2 b6 22.
cxb6 Nc6 23. Rd2 Rxb6 $132 {0-1 Stohl,I-Hansen,C (2335)/Groningen 1981/EXT
2000 (32)}) 15. Nb3 (15. Rb1 $5 {as} Rfc8 $2 {was still impossible due to} 16.
Nxe6 fxe6 17. Bd7) 15... Nc4 16. O-O-O Rac8 17. Rhe1 a6 18. Bxc4 dxc4 19. Na5
Rxc5 20. Nxb7 {White has kept his extra pawn but Black creates strong
counterplay along the b-file.} Rg5 $5 21. g3 (21. Rg1 $5) 21... Rb5 22. Nd6 (
22. Nd8 Bd5 23. a4 (23. e4 Rxd8 24. Rxd5 Rbxd5 25. exd5 Rxd5 26. Re4 Ra5 $1 27.
Kb2 Rb5+ 28. Ka1 Rd5 $132) 23... Ra5 24. e4 Ba8 $5 25. Rd7 Rxa4 26. Kb2 Ra5 27.
f3 f5 $132) 22... Rb6 23. Kc2 Rd8 24. Ne4 Rdb8 25. Rb1 Bf5 26. f3 g5 $5 27. g4
Bg6 28. Rxb6 Rxb6 29. Kc1 Bxe4 30. fxe4 Re6 31. e5 Rxe5 32. e4 Kg7 33. Re2 Kg6
34. Kd2 h5 35. h3 hxg4 36. hxg4 Re8 37. Ke3 Rd8 38. Rd2 1/2-1/2

[Event "Olympiad Women-31"]
[Site "Moscow"]
[Date "1994.12.10"]
[Round "9"]
[White "Chiburdanidze, Maia"]
[Black "Matveeva, Svetlana"]
[Result "0-1"]
[WhiteElo "2505"]
[BlackElo "2450"]
[Annotator "Krasenkow,M"]
[PlyCount "58"]
[EventDate "1994.12.01"]
[EventType "team-swiss"]
[EventRounds "14"]
[EventCountry "RUS"]
[SourceTitle "CBM 045"]
[Source "ChessBase"]
[SourceDate "1995.04.01"]
[SourceVersion "1"]
[SourceVersionDate "1995.04.01"]
[SourceQuality "1"]
[WhiteTeam "Georgia (W)"]
[BlackTeam "Russia (W)"]
[WhiteTeamCountry "GEO"]
[BlackTeamCountry "RUS"]

1. Nf3 d5 2. d4 Nf6 3. c4 e6 4. Nc3 Bb4 5. cxd5 exd5 6. Bg5 h6 7. Qa4+ Nc6 8.
Bxf6 Qxf6 9. e3 O-O 10. Be2 Be6 11. Rc1 {[White has not obtained any edge
after the opening. His last move is useless in Karlsbad-type structures. 11.
0-0 followed by 12.a3 deserved attention.]} a6 12. O-O Bd6 13. Ne1 Ne7 14. Nd3
Nf5 15. g3 c6 16. Qb3 {[The plan started with this move is probably wrong.
White does not obtain any active play. 16.Qd1 was better.]} Rab8 17. Na4 Rfe8
18. Nb6 Re7 19. Rfe1 Rbe8 20. Bf1 h5 21. Nc5 h4 $1 22. g4 Qg5 $1 {[#]} 23. Nxe6
(23. h3 {, recommended by GM S.Makarychev in a TV commentary, was losing in
view of 23...} Nxd4 $3 24. exd4 Bxg4) 23... Qxg4+ 24. Kh1 Rxe6 25. Qd1 Nh6 $1
26. h3 Qg5 27. Qf3 Rf6 28. Qg2 Qf5 29. Be2 Qxf2 0-1

[Event "EU-Cup 27th"]
[Site "Rogaska Slatina"]
[Date "2011.09.28"]
[Round "4"]
[White "Khismatullin, Denis Rimovich"]
[Black "Alekseev, Evgeny V"]
[Result "1-0"]
[WhiteElo "2635"]
[BlackElo "2662"]
[Annotator "Krasenkow,M"]
[PlyCount "69"]
[EventDate "2011.09.25"]
[EventType "team-swiss"]
[EventRounds "7"]
[EventCountry "SLO"]
[SourceTitle "CBM 145"]
[Source "ChessBase"]
[SourceDate "2011.11.11"]
[SourceVersion "1"]
[SourceVersionDate "2011.11.11"]
[SourceQuality "1"]
[WhiteTeam "Tomsk 400"]
[BlackTeam "Saratov Ekonomist"]
[WhiteTeamCountry "RUS"]
[BlackTeamCountry "RUS"]

1. d4 Nf6 2. c4 e6 3. Nf3 d5 4. Nc3 Bb4 5. cxd5 exd5 6. Bg5 Nbd7 7. Qc2 c5 8.
g3 {A rare move, which has suddenly become popular. It leads to a structure
typical of the Queen's Indian.} h6 (8... Qa5 9. Bd2 O-O 10. Bg2 Ne4 11. Nxd5
Nxd2 12. Nxd2 cxd4 13. Nxb4 Qxb4 14. O-O Nf6 15. a3 Qb6 16. Nc4 Qc7 17. Rac1
$14 {1-0 Nikolov,M (2578)-Mitkov,M (2358)/Rogaska Slatina SLO 2011/The Week in
Chess 822 (39)}) (8... cxd4 9. Nxd4 Qb6 10. Rd1 Ne4 11. Be3 $1 {is crucial,
and now:} Qg6 (11... Qa5 12. Bg2 $1 Nxc3 13. bxc3 Bxc3+ 14. Kf1 Bxd4 15. Bxd4
O-O 16. Qb2 f6 17. Bc3 Qc7 18. Bxd5+ Kh8 19. Bb4 Rd8 20. Kg2 $14 {1-0
Riazantsev,A (2682)-Feller,S (2611)/Biel 2010/CBM 137 Extra (44)}) 12. Bd2 (12.
Rc1 Nb6 13. Bg2 Bxc3+ 14. bxc3 Nc4 15. Bf4 O-O 16. O-O b6 17. f3 Nc5 18. Rfd1
Bb7 $11 {1/2 Danielian,E (2506)-Kosintseva,T (2559)/Tbilisi GEO 2011/The Week
in Chess 863 (44)}) 12... Nxc3 13. bxc3 Qxc2 14. Nxc2 Ba5 15. Bg2 Nf6 16. Nb4
Be6 17. Be3 O-O 18. O-O Bxb4 19. cxb4 Ne4 20. Rc1 Rfc8 21. Bd4 $14 {1/2
Galliamova,A (2492)-Kosintseva,N (2560)/Rostov-on-Don RUS 2011/The Week in
Chess 875 (37)}) 9. Be3 (9. Bd2 O-O 10. Bg2 b6 11. O-O Re8 12. Rfd1 Bb7 13. e3
Qe7 14. Ne2 $6 (14. Rac1 $142) 14... Bxd2 15. Nxd2 Rac8 16. Qf5 cxd4 17. Nxd4
Nc5 18. Qf3 Nd3 19. Rab1 Ne4 20. Nxe4 dxe4 21. Qh5 Rc5 22. Qe2 Qf6 $15 {
1-0 Khismatullin,D (2662)-Sjugirov,S (2643)/Olginka 2011/CBM 142 (75)}) (9.
Bxf6 Qxf6 (9... Nxf6 10. Bg2 O-O 11. O-O Qe7 (11... c4 12. Ne5 Re8 13. b3 Bf5
14. Qxf5 Bxc3 15. Rad1 cxb3 16. axb3 Qe7 17. e3 $14 {[%csl Rd5] 1/2 Zhao Xue 
(2497)-Tan Zhongyi (2429)/Shenzhen CHN 2011/The Week in Chess 880 (70)}) 12.
dxc5 Bxc5 13. Rad1 Rd8 14. Nd4 Bg4 15. h3 Be6 16. Qb3 Rac8 17. e3 Bb6 18. a3
$14 {1-0 Topalov,V (2775)-Kramnik,V (2785)/Monte Carlo 2011/CBM 142 (60)}) 10.
Rd1 O-O 11. Bg2 Nb6 12. dxc5 Bf5 13. Qc1 Na4 14. Nd4 Be6 $1 (14... Rac8 15.
Nxf5 Qxf5 16. Rxd5 Qf6 17. O-O Bxc3 18. bxc3 Nxc3 19. Rd2 Rxc5 20. Qa3 $14 {
1-0 Bacrot,E (2705)-Peralta,F (2608)/Mulhouse FRA 2011/The Week in Chess 865 
(31)}) 15. O-O Nxc3 16. bxc3 Bxc5 $11) 9... b6 (9... O-O 10. Bg2 Re8 11. O-O c4
12. Bf4 Qa5 13. Ne5 Nb6 14. f3 Be6 15. e4 Rad8 {0-1 Javakhishvili,L (2469)
-Peralta,F (2601)/Vrachati GRE 2011/The Week in Chess 877 (58)} 16. Rad1 $36)
10. Bg2 O-O 11. O-O Bb7 12. Rfd1 Rc8 13. Rac1 Re8 14. Bh3 Rxe3 $6 {[%mdl 512]
This exchange sacrifice doesn't pay off.} (14... Ba6 {[%csl Re2][%cal Rb4c3]
was a good way to equalise.}) 15. fxe3 Qe8 16. Ne5 Rd8 17. Qf5 c4 (17... Nxe5
$142 18. Qxe5 (18. dxe5 Bc8 19. Qf4 Nh5 20. Qh4 Bxh3) 18... Qc6 {[%cal Rd8e8]
but, of course, Black's compensation is insufficient. White can even give back
the material in a very fine version:} 19. Rf1 $5 Re8 20. Rxf6 $1 gxf6 21. Qf4
$36 {[%csl Rf6,Rg8,Rh6]}) 18. Bg2 {Taking the e4-square under control and
pressurising Black's weak d5-pawn.} g6 19. Qf4 Nh5 $2 (19... Nxe5 $142 20. Qxe5
Kg7 $16) 20. Qxf7+ $1 {A timely tranformation.} Qxf7 21. Nxf7 Kxf7 22. Bxd5+ (
22. Nxd5 $5) 22... Bxd5 23. Nxd5 Bd6 24. e4 {[%csl Gd4,Ge4] White's material
advantage is now symbolic (R+2P vs B+N) but his strong central pawns should
decide the game.} Ke6 (24... Rc8 25. e5 Bb8 26. e4 {[%csl Gd4,Ge4,Ge5]}) 25.
Rxc4 Nhf6 26. Nc3 $1 {[%cal Re4e5]} b5 27. Rc6 b4 28. e5 Nb8 29. Rxd6+ $1 Rxd6
30. Na4 Rc6 31. exf6 Rc2 32. Kf2 Nd7 33. Ke3 Nxf6 34. Kd3 Rc8 35. Nc5+ 1-0